000 00749nam a2200229Ia 4500
003 SISC
005 20160601162106.0
008 140321s9999 xx 000 0 und d
020 _a9780415534536
050 _aG 155.A1
_b.T5924325 2013
100 _aEdgell, David L.
245 _aTourism policy and planning :
_byesterday, today, and tomorrow /
_cDavid L. Edgell and Jason R. Swanson.
250 _a2nd edition.
260 _aAmsterdam :
_bButterworth-Heinemann,
_c2013.
300 _a305 pages :
_billustrations ;
_c25 cm.
500 _aIncludes bibliographical references and index.
650 _aToeristenindustrie.
650 _aTourism
_xGovernment policy.
650 _aTourism
_xPlanning.
942 _kFOR
_cBK
_2lcc
999 _c48261
_d48261